Electrical circuit theory and technology / (Record no. 189423)

000 -LEADER
fixed length control field 00795 a2200229 4500
003 - CONTROL NUMBER IDENTIFIER
control field Nust
005 - DATE AND TIME OF LATEST TRANSACTION
control field 20220803150547.0
020 ## - INTERNATIONAL STANDARD BOOK NUMBER
International Standard Book Number 1-85617-770-X (pbk.)
020 ## - INTERNATIONAL STANDARD BOOK NUMBER
International Standard Book Number 978-1-85617-770-2 (pbk.)
035 ## - SYSTEM CONTROL NUMBER
System control number (OCoLC)540182470
035 ## - SYSTEM CONTROL NUMBER
System control number (OCoLC)ocn540182470
040 ## - CATALOGING SOURCE
Transcribing agency Nust
082 04 - DEWEY DECIMAL CLASSIFICATION NUMBER
Classification number 621.3192,BIR
100 1# - MAIN ENTRY--PERSONAL NAME
Personal name Bird, J. O.
9 (RLIN) 44903
245 10 - TITLE STATEMENT
Title Electrical circuit theory and technology /
Statement of responsibility, etc. John Bird.
250 ## - EDITION STATEMENT
Edition statement 4th ed.
260 ## - PUBLICATION, DISTRIBUTION, ETC.
Place of publication, distribution, etc. Oxford :
Name of publisher, distributor, etc. Newnes,
Date of publication, distribution, etc. 2010.
300 ## - PHYSICAL DESCRIPTION
Extent p.
Dimensions cm.
505 ## - FORMATTED CONTENTS NOTE
Formatted contents note Part 1:- Basic Electrical Engineering Principle (Page-1), Part 2:- Electrical Principles and Technology (Page-153), Part 3:- Advanced Circuit Theory and Technology (Page-333), Part 4: General reference (Page-723).
650 #0 - SUBJECT ADDED ENTRY--TOPICAL TERM
Topical term or geographic name entry element Telecommunication Engineering
942 ## - ADDED ENTRY ELEMENTS (KOHA)
Source of classification or shelving scheme
Koha item type Book
Holdings
Withdrawn status Lost status Source of classification or shelving scheme Damaged status Not for loan Permanent Location Current Location Shelving location Date acquired Full call number Barcode Date last seen Price effective from Koha item type Public note
          Military College of Signals (MCS) Military College of Signals (MCS) Reference 12/12/2016 621.3192,BIR MCS35162 12/08/2016 12/12/2016 Reference Almirah No.20, Shelf No.4
© 2023 Central Library, National University of Sciences and Technology. All Rights Reserved.